<?xml version="1.0" encoding="UTF-8"?>
<record
    xmlns:xsi="http://www.w3.org/2001/XMLSchema-instance"
    xsi:schemaLocation="http://www.loc.gov/MARC21/slim http://www.loc.gov/standards/marcxml/schema/MARC21slim.xsd"
    xmlns="http://www.loc.gov/MARC21/slim">

  <leader>00797cam a22002774a 4500</leader>
  <datafield tag="999" ind1=" " ind2=" ">
    <subfield code="c">26600</subfield>
    <subfield code="d">26600</subfield>
  </datafield>
  <controlfield tag="001">YPZ96948</controlfield>
  <controlfield tag="003">YPZ</controlfield>
  <controlfield tag="005">20220705090348.0</controlfield>
  <controlfield tag="008">130222|###########||||||b||||||||||spa|d</controlfield>
  <datafield tag="020" ind1=" " ind2=" ">
    <subfield code="a">9788480868624</subfield>
  </datafield>
  <datafield tag="040" ind1=" " ind2=" ">
    <subfield code="c">SIUNPA</subfield>
    <subfield code="a">SIUNPA</subfield>
    <subfield code="b">spa</subfield>
    <subfield code="e">AACR2</subfield>
  </datafield>
  <datafield tag="041" ind1=" " ind2=" ">
    <subfield code="a">spa</subfield>
  </datafield>
  <datafield tag="044" ind1=" " ind2=" ">
    <subfield code="a">sp</subfield>
  </datafield>
  <datafield tag="080" ind1=" " ind2=" ">
    <subfield code="a">616-053.2 A283tr2</subfield>
  </datafield>
  <datafield tag="100" ind1=" " ind2=" ">
    <subfield code="a">Aguilar Cordero, Mar&#xED;a Jos&#xE9;.</subfield>
  </datafield>
  <datafield tag="245" ind1=" " ind2=" ">
    <subfield code="a">Tratado de enfermer&#xED;a del ni&#xF1;o y el adolescente</subfield>
    <subfield code="b">: cuidados pedi&#xE1;tricos</subfield>
    <subfield code="c">/ Mar&#xED;a Jos&#xE9; Aguilar Cordero</subfield>
  </datafield>
  <datafield tag="260" ind1=" " ind2=" ">
    <subfield code="a">Madrid</subfield>
    <subfield code="b"> : Elsevier</subfield>
    <subfield code="c"> , 2012</subfield>
  </datafield>
  <datafield tag="300" ind1=" " ind2=" ">
    <subfield code="a">xiii, 465 p.</subfield>
    <subfield code="b">: il.</subfield>
  </datafield>
  <datafield tag="650" ind1=" " ind2=" ">
    <subfield code="a"> SERVICIOS DE ENFERMERIA</subfield>
  </datafield>
  <datafield tag="650" ind1=" " ind2=" ">
    <subfield code="a"> NI&#xD1;OS </subfield>
  </datafield>
  <datafield tag="650" ind1=" " ind2=" ">
    <subfield code="a"> ADOLESCENTES</subfield>
  </datafield>
  <datafield tag="650" ind1=" " ind2=" ">
    <subfield code="a"> DESARROLLO DEL NI&#xD1;O</subfield>
  </datafield>
  <datafield tag="650" ind1=" " ind2=" ">
    <subfield code="a"> PEDIATRIA</subfield>
  </datafield>
  <datafield tag="650" ind1=" " ind2=" ">
    <subfield code="a"> PRACTICAS DE ENFERMERIA</subfield>
  </datafield>
  <datafield tag="942" ind1=" " ind2=" ">
    <subfield code="c">BK</subfield>
    <subfield code="2">udc</subfield>
  </datafield>
  <datafield tag="952" ind1=" " ind2=" ">
    <subfield code="0">0</subfield>
    <subfield code="1">0</subfield>
    <subfield code="2">udc</subfield>
    <subfield code="4">0</subfield>
    <subfield code="7">0</subfield>
    <subfield code="8">CG</subfield>
    <subfield code="a">BIB_RECT</subfield>
    <subfield code="b">BIB_UACO</subfield>
    <subfield code="d">2013-02-22</subfield>
    <subfield code="e">Compra SIUNPA</subfield>
    <subfield code="g">830.00</subfield>
    <subfield code="i">02-43926</subfield>
    <subfield code="o">616-053.2 A283tr2</subfield>
    <subfield code="p">02-43926</subfield>
    <subfield code="r">2019-04-03</subfield>
    <subfield code="t">ej.1</subfield>
    <subfield code="w">2019-04-03</subfield>
    <subfield code="y">BK</subfield>
  </datafield>
  <datafield tag="952" ind1=" " ind2=" ">
    <subfield code="0">0</subfield>
    <subfield code="1">0</subfield>
    <subfield code="2">udc</subfield>
    <subfield code="4">0</subfield>
    <subfield code="7">0</subfield>
    <subfield code="8">CG</subfield>
    <subfield code="a">BIB_RECT</subfield>
    <subfield code="b">BIB_UACO</subfield>
    <subfield code="d">2013-02-22</subfield>
    <subfield code="e">Compra SIUNPA</subfield>
    <subfield code="g">830.00</subfield>
    <subfield code="i">02-43927</subfield>
    <subfield code="o">616-053.2 A283tr2</subfield>
    <subfield code="p">02-43927</subfield>
    <subfield code="r">2019-04-03</subfield>
    <subfield code="t">ej.2</subfield>
    <subfield code="w">2019-04-03</subfield>
    <subfield code="y">BK</subfield>
  </datafield>
  <datafield tag="952" ind1=" " ind2=" ">
    <subfield code="0">0</subfield>
    <subfield code="1">0</subfield>
    <subfield code="2">udc</subfield>
    <subfield code="4">0</subfield>
    <subfield code="7">0</subfield>
    <subfield code="8">CG</subfield>
    <subfield code="a">BIB_RECT</subfield>
    <subfield code="b">BIB_UASJ</subfield>
    <subfield code="d">2013-02-26</subfield>
    <subfield code="e">Compra SIUNPA</subfield>
    <subfield code="g">830.00</subfield>
    <subfield code="i">04-43939</subfield>
    <subfield code="o">616-053.2 A283tr2</subfield>
    <subfield code="p">04-43939</subfield>
    <subfield code="r">2019-04-03</subfield>
    <subfield code="t">ej.1</subfield>
    <subfield code="w">2019-04-03</subfield>
    <subfield code="y">BK</subfield>
  </datafield>
  <datafield tag="952" ind1=" " ind2=" ">
    <subfield code="0">0</subfield>
    <subfield code="1">0</subfield>
    <subfield code="2">udc</subfield>
    <subfield code="4">0</subfield>
    <subfield code="7">0</subfield>
    <subfield code="8">CG</subfield>
    <subfield code="a">BIB_RECT</subfield>
    <subfield code="b">BIB_UASJ</subfield>
    <subfield code="d">2013-02-26</subfield>
    <subfield code="e">Compra SIUNPA</subfield>
    <subfield code="g">830.00</subfield>
    <subfield code="i">04-43940</subfield>
    <subfield code="o">616-053.2 A283tr2</subfield>
    <subfield code="p">04-43940</subfield>
    <subfield code="r">2019-04-03</subfield>
    <subfield code="t">ej.2</subfield>
    <subfield code="w">2019-04-03</subfield>
    <subfield code="y">BK</subfield>
  </datafield>
  <datafield tag="952" ind1=" " ind2=" ">
    <subfield code="0">0</subfield>
    <subfield code="1">0</subfield>
    <subfield code="2">udc</subfield>
    <subfield code="4">0</subfield>
    <subfield code="7">0</subfield>
    <subfield code="8">CG</subfield>
    <subfield code="a">BIB_RECT</subfield>
    <subfield code="b">BIB_UASJ</subfield>
    <subfield code="d">2013-08-22</subfield>
    <subfield code="e">Compra SIUNPA</subfield>
    <subfield code="g">442.80</subfield>
    <subfield code="i">04-45323</subfield>
    <subfield code="o">616-053.2 A283tr2</subfield>
    <subfield code="p">04-45323</subfield>
    <subfield code="r">2019-04-03</subfield>
    <subfield code="t">ej.3</subfield>
    <subfield code="w">2019-04-03</subfield>
    <subfield code="y">BK</subfield>
  </datafield>
  <datafield tag="952" ind1=" " ind2=" ">
    <subfield code="0">0</subfield>
    <subfield code="1">0</subfield>
    <subfield code="2">udc</subfield>
    <subfield code="4">0</subfield>
    <subfield code="7">0</subfield>
    <subfield code="8">CG</subfield>
    <subfield code="a">BIB_RECT</subfield>
    <subfield code="b">BIB_UASJ</subfield>
    <subfield code="d">2013-08-22</subfield>
    <subfield code="e">Compra SIUNPA</subfield>
    <subfield code="g">442.80</subfield>
    <subfield code="i">04-45324</subfield>
    <subfield code="o">616-053.2 A283tr2</subfield>
    <subfield code="p">04-45324</subfield>
    <subfield code="r">2019-04-03</subfield>
    <subfield code="t">ej.4</subfield>
    <subfield code="w">2019-04-03</subfield>
    <subfield code="y">BK</subfield>
  </datafield>
  <datafield tag="952" ind1=" " ind2=" ">
    <subfield code="0">0</subfield>
    <subfield code="1">0</subfield>
    <subfield code="4">0</subfield>
    <subfield code="7">0</subfield>
    <subfield code="8">CG</subfield>
    <subfield code="a">BIB_RECT</subfield>
    <subfield code="b">SAT_TRUN</subfield>
    <subfield code="d">2013-02-28</subfield>
    <subfield code="e">Compra SIUNPA</subfield>
    <subfield code="g">830.00</subfield>
    <subfield code="i">10-43995</subfield>
    <subfield code="o">616-053.2 A283tr2</subfield>
    <subfield code="p">10-43995</subfield>
    <subfield code="r">2019-04-03</subfield>
    <subfield code="w">2019-04-03</subfield>
    <subfield code="y">BK</subfield>
  </datafield>
  <datafield tag="952" ind1=" " ind2=" ">
    <subfield code="0">0</subfield>
    <subfield code="1">0</subfield>
    <subfield code="2">udc</subfield>
    <subfield code="4">0</subfield>
    <subfield code="7">0</subfield>
    <subfield code="8">CG</subfield>
    <subfield code="a">BIB_RECT</subfield>
    <subfield code="b">SAT_PBNA</subfield>
    <subfield code="d">2013-02-28</subfield>
    <subfield code="e">Compra SIUNPA</subfield>
    <subfield code="g">830.00</subfield>
    <subfield code="i">11-43993</subfield>
    <subfield code="o">616-053.2 A283tr2</subfield>
    <subfield code="p">11-43993</subfield>
    <subfield code="r">2019-04-03</subfield>
    <subfield code="t">ej.1</subfield>
    <subfield code="w">2019-04-03</subfield>
    <subfield code="y">BK</subfield>
  </datafield>
  <datafield tag="952" ind1=" " ind2=" ">
    <subfield code="0">0</subfield>
    <subfield code="1">0</subfield>
    <subfield code="2">udc</subfield>
    <subfield code="4">0</subfield>
    <subfield code="7">0</subfield>
    <subfield code="8">CG</subfield>
    <subfield code="a">BIB_RECT</subfield>
    <subfield code="b">SAT_PBNA</subfield>
    <subfield code="d">2013-02-28</subfield>
    <subfield code="e">Compra SIUNPA</subfield>
    <subfield code="g">830.00</subfield>
    <subfield code="i">11-43994</subfield>
    <subfield code="o">616-053.2 A283tr2</subfield>
    <subfield code="p">11-43994</subfield>
    <subfield code="r">2019-04-03</subfield>
    <subfield code="t">ej.2</subfield>
    <subfield code="w">2019-04-03</subfield>
    <subfield code="y">BK</subfield>
  </datafield>
</record>
